Interstate, US, or State Route (CA only) Quiz Stats

 Plays Quiz not verified by Sporcle

Support Sporcle.
Go Orange.
Score 0/20 Timer 02:00
0 Plays Today
Highway Highway Type % Correct
5Interstate
87.7%
380Interstate
84.4%
395US Hwy
83.6%
580Interstate
82.8%
680Interstate
82.8%
280Interstate
82%
980Interstate
82%
780Interstate
81.1%
80Interstate
80.3%
880Interstate
79.5%
Highway Highway Type % Correct
101US Hwy
79.5%
50US Hwy
78.7%
167State Route
70.5%
168State Route
70.5%
271State Route
70.5%
267State Route
70.5%
1State Route
69.7%
180State Route
69.7%
99State Route
69.7%
198State Route
68.9%

You're not logged in!

Compare scores with friends on all Sporcle quizzes.
OR
Log In

From the Vault

3 Things: TV Edition

by TimtheImpaler

Did anyone actually ever use their 3-D TV?
Remove Ads.
Support Sporcle.
Get the best of Sporcle when you Go Orange. This ad-free experience offers more features, more stats, and more fun while also helping to support Sporcle. Thank you for becoming a member.

Show Comments

Extras

Top Quizzes Today


Score Distribution

Your Account Isn't Verified!

In order to create a playlist on Sporcle, you need to verify the email address you used during registration. Go to your Sporcle Settings to finish the process.

Report this User

Report this user for behavior that violates our Community Guidelines.

Details: